Online katalóg knižníc regiónu Turca

Na hrane (Record no. 21294)

MARC details
000 -LEADER
fixed length control field 01261cam a2200373 a 4500
001 - CONTROL NUMBER
control field 21294
003 - CONTROL NUMBER IDENTIFIER
control field VRT
005 - DATE AND TIME OF LATEST TRANSACTION
control field 20260226111046.0
008 - FIXED-LENGTH DATA ELEMENTS--GENERAL INFORMATION
fixed length control field 240313s2016 xo g 000 f slo
015 ## - NATIONAL BIBLIOGRAPHY NUMBER
National bibliography number SNBA2017/08
020 ## - INTERNATIONAL STANDARD BOOK NUMBER
International Standard Book Number 9788081146596
Qualifying information (brož.)
035 ## - SYSTEM CONTROL NUMBER
System control number urn:nbn:sk:snk-am00djmd
035 ## - SYSTEM CONTROL NUMBER
System control number urn:nbn:sk:snk-am3i4c8
035 ## - SYSTEM CONTROL NUMBER
System control number 5CAF2308-9BFE-4F4F-9FCA-49748BEF40A7
039 #9 - LEVEL OF BIBLIOGRAPHIC CONTROL AND CODING DETAIL [OBSOLETE]
Level of rules in bibliographic description 202511041719
Level of effort used to assign nonsubject heading access points csnk01
Level of effort used to assign subject headings 202403131739
Level of effort used to assign classification VLOAD
Level of effort used to assign subject headings 202004020941
Level of effort used to assign classification VLOAD
Level of effort used to assign subject headings 201708111128
Level of effort used to assign classification msnk24
040 ## - CATALOGING SOURCE
Original cataloging agency SNK
Language of cataloging slo
Transcribing agency SNK
Description conventions AACR2
041 0# - LANGUAGE CODE
Language code of text/sound track or separate title slo
044 ## - COUNTRY OF PUBLISHING/PRODUCING ENTITY CODE
MARC country code xo
ISO country code SK
072 #7 - SUBJECT CATEGORY CODE
Subject category code 821.162.4-3
Subject category code subdivision Slovenská próza
Source konspekt
080 ## - UNIVERSAL DECIMAL CLASSIFICATION NUMBER
Universal Decimal Classification number 821.162.4-31
Edition identifier 2011
100 1# - MAIN ENTRY--PERSONAL NAME
Personal name Rynke, Alica,
Dates associated with a name 1961-
Relationship aut
245 10 - TITLE STATEMENT
Title Na hrane
Statement of responsibility, etc. Alica Rynke
250 ## - EDITION STATEMENT
Edition statement 1. vyd.
260 ## - PUBLICATION, DISTRIBUTION, ETC.
Place of publication, distribution, etc. Bratislava
Name of publisher, distributor, etc. Marenčin PT
Date of publication, distribution, etc. 2016
300 ## - PHYSICAL DESCRIPTION
Extent 302 s.
Dimensions 17 cm
655 #7 - INDEX TERM--GENRE/FORM
Genre/form data or focus term slovenské romány
Source of term SNKPH
655 #7 - INDEX TERM--GENRE/FORM
Genre/form data or focus term Slovak fiction
Source of term SNKPHeng
942 ## - ADDED ENTRY ELEMENTS (KOHA)
Source of classification or shelving scheme Dewey Decimal Classification
Koha item type Krásna literatúra pre dospelých
Suppress in OPAC No
949 ## - LOCAL PROCESSING INFORMATION (OCLC)
6 273K0614266
a svkpoA 233048
b svkpo608488
949 ## - LOCAL PROCESSING INFORMATION (OCLC)
6 270001000533983
a svkbbA 149765
b svkbbm 766366
949 ## - LOCAL PROCESSING INFORMATION (OCLC)
6 17A1270893
a snkSD 86447 D1
b snk2017/19043
o 271/2017
949 ## - LOCAL PROCESSING INFORMATION (OCLC)
6 2889326327
a savukPV 24038
b savuk2017/2043
949 ## - LOCAL PROCESSING INFORMATION (OCLC)
6 17A1134130
a snkSD 86447
b snk2017/16861
o 271/2017
s 6100:20170816
Holdings
Stav vyradenia Strata Poškodenie Spôsob nadobudnutia Domovská knižnica Aktuálna knižnica Dátum nadobudnutia Total checkouts Čiarový kód exemplára Date last seen Typ exemplára
      Dar Obecná knižnica Turčianska Štiavnička Obecná knižnica Turčianska Štiavnička 26.02.2026   4738000064 26.02.2026 Krásna literatúra pre dospelých
Projekt je podporený Slovenskou asociáciou knižníc
Prevádzkuje Turčianska knižnica Martin 2026